| 000 | 00945nam a22002177a 4500 | ||
|---|---|---|---|
| 999 |
_c19871 _d19871 |
||
| 003 | AR-CdUCM | ||
| 008 | 190523b ||||| |||| 00| 0 spa d | ||
| 040 |
_aMUNICIPALIDAD PROVINCIAL DEL CUSCO _cBIBLIOTECA MUNICIPAL DEL CUSCO |
||
| 082 |
_a342.1 / _bC16 |
||
| 100 |
_aCaicedo Castilla, Jose Joaquin / _941543 |
||
| 245 | _aEl derecho internacional en el sistema interamericano / | ||
| 260 |
_aMadrid : _bCultura hispánica, _c1970. |
||
| 300 |
_a606 Páginas ; _c25 cm. |
||
| 440 |
_aCentro de estudios jurídicos hispanoamericanos _941544 |
||
| 505 | _aContenido: Los orígenes del panamericanismo -- Contenido del tratado de panamá -- Primera conferencia interamericana... | ||
| 650 |
_aPanamericanismo _939402 |
||
| 650 |
_aBolivar y el sistema interamericano _941545 |
||
| 700 |
_aMurillo Rubiera, Fernando (Director del Centro de Estudios Jurídicos Hispanoamericanos) _941546 |
||
| 942 |
_2ddc _cLIBROS |
||
| 945 |
_aAndy _d2019-05-23 |
||